| 000 | 00654nam a2200253Ia 4500 | ||
|---|---|---|---|
| 008 | 160803s9999 xx 000 0 und d | ||
| 020 | _a978-0061139369 | ||
| 100 | _aNuzum, K.A | ||
| 245 | 4 | _aThe leanin' dog / | |
| 245 | _cK.A. Nuzum. | ||
| 260 | _aNew York : | ||
| 260 | _bScholastic Inc. | ||
| 260 | _c2008 | ||
| 300 | _a250 pages ; | ||
| 300 | _c20 cm. | ||
| 500 | _aReprint. Originally published: New York : Joanna Cotler Books, 2008. | ||
| 650 | _aAnimal rescue -- | ||
| 650 | _aDogs -- | ||
| 650 | _aGrief -- | ||
| 650 | _xJuvenile fiction. | ||
| 650 | _xJuvenile fiction. | ||
| 650 | _xJuvenile fiction. | ||
| 700 | _a960 | ||
| 999 |
_c298125 _d298125 |
||